| 000 | 00876nam a22002417a 4500 | ||
|---|---|---|---|
| 005 | 20090513114844.0 | ||
| 008 | 090508t xxu||||| |||| 00| 0 eng d | ||
| 010 | _aENG-93506 | ||
| 020 |
_a8170247888 _c995.00 |
||
| 035 | _aEN-77039 | ||
| 037 | _bDBAD / PUB | ||
| 040 |
_adpl _bEnglish |
||
| 082 | _a658.408 | ||
| 100 | _aSingh, U.K. | ||
| 245 |
_aSafety, security and risk management / _cby U.K. Singh [and] J.M. Dewan |
||
| 260 |
_aNew Delhi _bAPH Publishing _c2009 |
||
| 270 |
_a4435-36/7, Ansari Road, Darya Ganj, _bNew Delhi _e110002 |
||
| 300 |
_av, 344p. _c22cm(Hb) |
||
| 500 | _aIncludes index | ||
| 700 | _aDewan, J.M. | ||
| 942 |
_2ddc _cEN _mSIN _h658.408 |
||
| 999 |
_c26295 _d26295 |
||